000 01860cam a2200433 a 4500
001 16936282
003 OSt
005 20260617101611.0
008 110826s2012 ilu b 001 0 eng
010 _a 2011035958
020 _a9781433524066
_qpbk.
020 _a1433524066
_qpbk.
020 _a9781433524073
_qPDF
020 _a9781433524080
_qMobipocket
020 _a9781433524097
_qePub
035 _a16936282
040 _aDLC
_cDLC
_dDLC
042 _apcc
050 0 0 _aBV4526.3
_b.V45 2012
082 0 0 _a248.8/45
_223
100 1 _aVeith, Gene Edward,
_d1951-
245 1 0 _aFamily vocation :
_bGod's calling in marriage, parenting, and childhood /
_cGene Edward Veith, Jr. and Mary J. Moerbe.
260 _aWheaton, Ill. :
_bCrossway,
_cc2012.
300 _a253 p. ;
_c23 cm.
336 _atext
_btxt
_2rdacontent
337 _aunmediated
_bn
_2rdamedia
338 _avolume
_bnc
_2rdacarrier
504 _aIncludes bibliographical references (p. 235-236) and indexes.
505 0 _aIntroduction : confusing the family -- Vocation in the nourishing estate -- Marriage -- The office of husband -- The office of wife -- Sex and vocation -- The crosses of marriage -- Parenthood -- The office of father -- The office of mother -- Raising children -- The crosses of parenthood -- Childhood -- Growing -- The crosses of childhood -- The rest of the family -- Conclusion : restoring the family.
583 _aCataloguing:
_c20260617
_kgtanuigtanui
650 0 _aFamilies
_xReligious life.
650 0 _aVocation
_xLutheran Church.
650 0 _aLutheran Church
_xDoctrines.
700 1 _aMoerbe, Mary J.,
_d1980-
906 _a7
_bcbc
_corignew
_d1
_eecip
_f20
_gy-gencatlg
942 _2lcc
_cBK
999 _c21705
_d21704